00530nam a2200169Ia 4500100001800000250000600018942000700024654002000031245003400051260002800085082001800113300000800131546001200139999001700151952009600168952009600264 aPatranabis/D  a2 cBK aprocess control aPrinciples of Process control bTata Mc Graw hillc1996 a660.2815bPAT a407 aENGLISH c31351d31351 001040708CRCaCRCEbCRCEd2023-03-17l0o660.2815 PATp14641r2023-03-17w2023-03-17yBK 001040708CRCaCRCEbCRCEd2023-03-17l0o660.2815 PATp14642r2023-03-17w2023-03-17yBK